[Event "Enniscrone Sligo op-A"]
[Site "Enniscrone"]
[Date "2025.02.02"]
[Round "5"]
[White "Fitzsimons, David"]
[Black "Quinn, Rory"]
[Result "1-0"]
[WhiteElo "2317"]
[BlackElo "2057"]
[PlyCount "62"]
[EventDate "2025.01.31"]
[EventType "swiss"]
[EventRounds "5"]
[EventCountry "IRL"]
[SourceTitle "CB06_2025"]
[SourceDate "2025.02.05"]
[SourceVersion "1"]
[SourceVersionDate "2025.02.05"]
[SourceQuality "1"]

1. e4 c5 2. Nf3 Nc6 3. Bc4 e6 4. 0-0 a6 5. Re1 d6 6. c3 Nf6 7. d4 Qc7 8. d5 b5 9. dxc6 bxc4 10. e5 Ng4 11. exd6 Bxd6 12. h3 Nf6 13. Nbd2 Qxc6 14. Nxc4 Bb8 15. Nce5 Qb7 16. Qa4+ Qb5 17. Qh4 Nd7 18. Nxf7 0-0 19. N7g5 Nf6 20. b3 Qc6 21. Qc4 Re8 22. Bf4 h6 23. Bxb8 Rxb8 24. Ne4 Nxe4 25. Rxe4 Kh8 26. Re5 Bb7 27. Rxc5 Qd6 28. Qd4 Qf8 29. Ne5 Qf5 30. Rc7 Rf8 31. Re1 Ra8 1-0

[Event "Enniscrone Sligo op-A"]
[Site "Enniscrone"]
[Date "2025.02.01"]
[Round "3"]
[White "Quinn, Rory"]
[Black "Govindaraju, Darun"]
[Result "1-0"]
[WhiteElo "2057"]
[BlackElo "1983"]
[PlyCount "59"]
[EventDate "2025.01.31"]
[EventType "swiss"]
[EventRounds "5"]
[EventCountry "IRL"]
[SourceTitle "CB06_2025"]
[SourceDate "2025.02.05"]
[SourceVersion "1"]
[SourceVersionDate "2025.02.05"]
[SourceQuality "1"]

1. e4 c6 2. Nc3 d5 3. Nf3 dxe4 4. Nxe4 Nf6 5. Qe2 Nxe4 6. Qxe4 Be6 7. b3 Nd7 8. Bb2 Nf6 9. Qe3 Nd5 10. Qd4 Qa5 11. a3 Bf5 12. c4 Nf6 13. Qf4 e6 14. Be2 Be7 15. Ne5 0-0 16. g4 Bc2 17. g5 Ne4 18. b4 Qc7 19. d3 Nd6 20. Ng4 Ne8 21. Qd2 Ba4 22. Qe3 a5 23. Rg1 axb4 24. Nf6+ Kh8 25. Qh3 Bxf6 26. gxf6 g6 27. Qh6 Rg8 28. Rg3 e5 29. Qxh7+ Kxh7 30. Rh3# 1-0

[Event "EU-Cup 39th"]
[Site "Vrnjacka Banja"]
[Date "2024.10.22"]
[Round "3.2"]
[White "Quinn, Rory"]
[Black "Braeutigam, Alexander"]
[Result "0-1"]
[WhiteElo "2106"]
[BlackElo "2104"]
[PlyCount "104"]
[EventDate "2024.10.20"]
[EventType "team-swiss"]
[EventRounds "7"]
[EventCountry "SRB"]
[SourceTitle "CB44_2024"]
[Source "Chessbase"]
[SourceDate "2024.10.30"]
[SourceVersion "1"]
[SourceVersionDate "2024.10.30"]
[SourceQuality "1"]
[WhiteTeam "Ennis"]
[BlackTeam "Kiel Doppelbauer"]
[WhiteTeamCountry "IRL"]
[BlackTeamCountry "GER"]

1. e4 c5 2. Nf3 d6 3. d4 cxd4 4. Nxd4 Nf6 5. Nc3 a6 6. Qf3 e5 7. Nf5 Bxf5 8. Qxf5 Nc6 9. Be3 Be7 10. 0-0-0 b5 11. g4 g6 12. Qf3 h5 13. h3 Rc8 14. Be2 Nb4 15. a3 Nc6 16. Nd5 Nxd5 17. exd5 Na5 18. Kb1 Nc4 19. Bc1 Bg5 20. Qg2 Bxc1 21. Rxc1 Qg5 22. h4 Qd2 23. Rhe1 Qd4 24. c3 Qd2 25. Bxc4 Rxc4 26. Rcd1 Qf4 27. gxh5 Rxh5 28. f3 Rxh4 29. Rh1 Qf5+ 30. Ka2 Rh5 31. Rxh5 Qxh5 32. Qf2 Rc5 33. Rd3 Qf5 34. Qe3 Qf4 35. Qe2 Kf8 36. Kb1 Kg7 37. Rd1 Rc4 38. Re1 Qf5+ 39. Ka2 Qg5 40. Qf2 Qh4 41. Qe3 Rc5 42. Rd1 Rxd5 43. Rxd5 Qc4+ 44. Kb1 Qxd5 45. Qb6 Qd1+ 46. Ka2 Qxf3 47. Qxd6 Qf6 48. Qd3 Qe6+ 49. Ka1 e4 50. Qd4+ Kh7 51. Qd8 Qe5 52. Qf8 Qf4 0-1

[Event "Enniscrone Sligo Winter op"]
[Site "Enniscrone"]
[Date "2024.02.03"]
[Round "?"]
[White "Beryozkin, Sergey"]
[Black "Quinn, Rory"]
[Result "1-0"]
[WhiteElo "1852"]
[BlackElo "2080"]
[PlyCount "79"]
[EventDate "2024.02.02"]
[EventType "swiss"]
[EventRounds "5"]
[EventCountry "IRL"]
[SourceTitle "CBM 218 Extra"]
[Source "ChessBase"]
[SourceDate "2024.03.31"]
[SourceVersion "1"]
[SourceVersionDate "2024.03.31"]
[SourceQuality "1"]

1. d4 d5 2. Nf3 Nf6 3. c4 dxc4 4. Qa4+ Nc6 5. Qxc4 e5 6. Nxe5 Nxe5 7. dxe5 Be6 8. Qa4+ Nd7 9. Nc3 Bc5 10. Bf4 0-0 11. e4 c6 12. Be2 Qb6 13. 0-0 Qxb2 14. Rfc1 Qb6 15. Bg3 Qc7 16. Kh1 Nb6 17. Qc2 Qe7 18. f4 Rad8 19. Rab1 Be3 20. Rd1 Qc5 21. f5 Bc4 22. Na4 Nxa4 23. Bxc4 b5 24. Bxf7+ Kxf7 25. Qb3+ Ke8 26. Qe6+ Qe7 27. Qxc6+ Kf7 28. Qxb5 Nc5 29. Qc4+ Ke8 30. Rxd8+ Qxd8 31. e6 Qd2 32. Qb5+ Ke7 33. Bh4+ g5 34. fxg6+ Kxe6 35. Qc4+ Kd7 36. g7 Rb8 37. Rf1 Qd3 38. Qf7+ Kc6 39. h3 Rb1 40. Qd5+ 1-0

[Event "Dublin Irish New Year IM"]
[Site "Dublin"]
[Date "2023.01.07"]
[Round "7"]
[White "Jacobsen, Mikkel Manosri"]
[Black "Quinn, Rory"]
[Result "1-0"]
[WhiteElo "2324"]
[BlackElo "2133"]
[PlyCount "51"]
[EventDate "2023.01.04"]
[EventType "tourn"]
[EventRounds "9"]
[EventCountry "IRL"]
[SourceTitle "CBM 212 Extra"]
[Source "ChessBase"]
[SourceDate "2023.03.31"]
[SourceVersion "1"]
[SourceVersionDate "2023.03.31"]
[SourceQuality "1"]

1. d4 d5 2. Nf3 Nf6 3. Bf4 c5 4. e3 Nc6 5. Nbd2 Nh5 6. dxc5 Nxf4 7. exf4 g6 8. c3 Bh6 9. g3 a5 10. Bb5 Bh3 11. Nd4 Qc8 12. Qa4 0-0 13. Bxc6 e5 14. fxe5 Bxd2+ 15. Kxd2 bxc6 16. Rae1 Qb7 17. Kc1 Rfb8 18. Re2 Qa6 19. Rhe1 Qd3 20. Re3 Qa6 21. Qxc6 Qa7 22. e6 fxe6 23. Nxe6 Qf7 24. Ng5 Qxf2 25. Qxd5+ Kh8 26. Qd4+ 1-0

[Event "Dublin Irish New Year IM"]
[Site "Dublin"]
[Date "2023.01.06"]
[Round "5"]
[White "Onslow, Alfie"]
[Black "Quinn, Rory"]
[Result "1-0"]
[WhiteElo "2122"]
[BlackElo "2133"]
[PlyCount "118"]
[EventDate "2023.01.04"]
[EventType "tourn"]
[EventRounds "9"]
[EventCountry "IRL"]
[SourceTitle "CBM 212 Extra"]
[Source "ChessBase"]
[SourceDate "2023.03.31"]
[SourceVersion "1"]
[SourceVersionDate "2023.03.31"]
[SourceQuality "1"]

1. e4 c5 2. Nf3 Nc6 3. d4 cxd4 4. Nxd4 e5 5. Nb5 d6 6. c4 Be6 7. Be2 g6 8. h4 h6 9. Be3 a6 10. N5c3 Bg7 11. Nd2 Nf6 12. Nb3 0-0 13. Qd2 Kh7 14. 0-0-0 b5 15. Qxd6 Qc8 16. Bb6 b4 17. Nd5 Nxe4 18. Qc7 Nd4 19. Nxd4 exd4 20. Nxb4 Nxf2 21. b3 Nxh1 22. Rxh1 Rb8 23. Nc2 Qe8 24. Re1 Rc8 25. Qg3 Qd7 26. h5 Bf5 27. Bd3 Rfe8 28. Rf1 Bxd3 29. Qxd3 Re6 30. Ba5 Rc5 31. hxg6+ fxg6 32. Bd2 a5 33. g4 a4 34. b4 Rce5 35. g5 h5 36. Rh1 Kg8 37. Rf1 Re2 38. b5 Rg2 39. Nb4 Ree2 40. Rd1 Qd6 41. Nd5 Be5 42. b6 Kg7 43. Qh3 Rg4 44. Qf3 d3 45. Qxd3 Rg3 46. Bb4 Bf4+ 47. Nxf4 Qxf4+ 48. Bd2 Qe5 49. Qd7+ Kh8 50. Qd8+ Kg7 51. Qc7+ Qe7 52. Qxe7+ Rxe7 53. Kc2 Rg4 54. Bc3+ Kf7 55. Rb1 Rg2+ 56. Kd3 Rg3+ 57. Kc2 Rg2+ 58. Bd2 Rd7 59. Rd1 Ke6 1-0

[Event "Wroclaw op-A"]
[Site "Wroclaw"]
[Date "2021.08.03"]
[Round "4"]
[White "Quinn, Rory"]
[Black "Ciborowski, Konrad Jr"]
[Result "0-1"]
[WhiteElo "2109"]
[BlackElo "1742"]
[PlyCount "80"]
[EventDate "2021.08.01"]
[EventType "swiss"]
[EventRounds "9"]
[EventCountry "POL"]
[SourceTitle "CBM 203 Extra"]
[Source "ChessBase"]
[SourceDate "2021.09.30"]
[SourceVersion "1"]
[SourceVersionDate "2021.09.30"]
[SourceQuality "1"]

1. d4 f5 2. Bg5 h6 3. Bh4 g5 4. e3 Nf6 5. Bg3 d6 6. Nc3 e6 7. Bc4 Nc6 8. h4 Rg8 9. Nge2 Qe7 10. hxg5 hxg5 11. Qd2 a6 12. f3 b5 13. Bb3 Na5 14. e4 Nxb3 15. axb3 b4 16. Na4 fxe4 17. Qxb4 exf3 18. gxf3 Nd5 19. Qd2 Bb7 20. 0-0-0 0-0-0 21. Nac3 Nf6 22. Qd3 g4 23. d5 gxf3 24. Nd4 Rxg3 25. Nc6 Qd7 26. Nxd8 Kxd8 27. Qd4 e5 28. Qb4 Kc8 29. Rh8 Qg7 30. Qh4 Rg4 31. Qh3 Kb8 32. Rf1 e4 33. Nxe4 Rxe4 34. Rxf3 Bc8 35. Qh1 Qe7 36. Rf1 Bg7 37. Rh2 Ng4 38. Rh7 Re2 39. Kb1 Qe5 40. Rxg7 Qxg7 0-1

[Event "Wroclaw Anderssen Memorial op"]
[Site "Wroclaw"]
[Date "2021.07.31"]
[Round "2"]
[White "Rog, Bartlomiej"]
[Black "Quinn, Rory"]
[Result "1/2-1/2"]
[WhiteElo "1867"]
[BlackElo "2109"]
[PlyCount "134"]
[EventDate "2021.07.31"]
[EventType "swiss (rapid)"]
[EventRounds "9"]
[EventCountry "POL"]
[SourceTitle "CBM 203 Extra"]
[Source "ChessBase"]
[SourceDate "2021.09.30"]
[SourceVersion "1"]
[SourceVersionDate "2021.09.30"]
[SourceQuality "1"]

1. e4 Nc6 2. Nf3 d6 3. d4 Nf6 4. Nc3 Bg4 5. Bb5 a6 6. Bxc6+ bxc6 7. h3 Bh5 8. 0-0 e6 9. e5 Nd5 10. Ne4 Be7 11. c4 Nb6 12. Ng3 Bg6 13. b3 0-0 14. Ne2 f6 15. exf6 Bxf6 16. Bb2 Rb8 17. Qd2 Bh5 18. g4 Bg6 19. Kg2 Qe7 20. g5 Be4 21. gxf6 Qxf6 22. Neg1 Bxf3+ 23. Nxf3 Qxf3+ 24. Kh2 Rf5 25. Qc3 Rbf8 26. Qxf3 Rxf3 27. Kg2 a5 28. Rae1 R3f6 29. Re2 Rg6+ 30. Kh2 Rf3 31. Re3 Rf5 32. Bc3 a4 33. Be1 Kf7 34. Rg1 Rxg1 35. Kxg1 g5 36. Rg3 h6 37. Bd2 e5 38. dxe5 Rxe5 39. Kf1 Ke6 40. h4 gxh4 41. Rg6+ Kf5 42. Rxh6 Kg4 43. Kg2 Re2 44. Be3 Rxa2 45. bxa4 Rxa4 46. c5 Nd5 47. cxd6 Nxe3+ 48. fxe3 Ra2+ 49. Kg1 cxd6 50. Rxd6 Rc2 51. e4 Kf4 52. Rh6 Kxe4 53. Rxh4+ Kd3 54. Rh3+ Kd2 55. Kf1 c5 56. Rh8 c4 57. Rd8+ Kc1 58. Ke1 c3 59. Rc8 Kb2 60. Rb8+ Ka3 61. Ra8+ Kb3 62. Rb8+ Kc4 63. Rc8+ Kd4 64. Rd8+ Kc5 65. Rc8+ Kd6 66. Kd1 Rd2+ 67. Kc1 Ke5 1/2-1/2

[Event "IRL-chT"]
[Site "Dublin"]
[Date "2019.04.07"]
[Round "5.3"]
[White "Quinn, Rory"]
[Black "Fitzsimons, David"]
[Result "0-1"]
[WhiteElo "2144"]
[BlackElo "2299"]
[PlyCount "60"]
[EventDate "2019.04.05"]
[EventType "team-swiss"]
[EventRounds "5"]
[EventCountry "IRL"]
[SourceTitle "CBM 189 Extra"]
[Source "ChessBase"]
[SourceDate "2019.05.31"]
[SourceVersion "1"]
[SourceVersionDate "2019.05.31"]
[SourceQuality "1"]
[WhiteTeam "Ballinasloe"]
[BlackTeam "Elm Mount"]
[WhiteTeamCountry "IRL"]
[BlackTeamCountry "IRL"]

1. e4 g6 2. d4 Bg7 3. Nc3 d6 4. f4 Nf6 5. Nf3 0-0 6. Bd3 Nc6 7. Be3 Ng4 8. Bg1 e5 9. fxe5 dxe5 10. d5 Nd4 11. h3 Nh6 12. Qd2 f5 13. 0-0-0 fxe4 14. Bxe4 Nhf5 15. Qe1 b5 16. Bh2 Nd6 17. Bd3 b4 18. Ne4 Nxf3 19. gxf3 Rxf3 20. Nc5 Rb8 21. h4 Bg4 22. Ne6 Bxe6 23. dxe6 Qf6 24. Be4 Bh6+ 25. Kb1 Re3 26. Bd5 Rxe1 27. Rhxe1 Bf4 28. Bxf4 exf4 29. e7+ Kg7 30. Re6 Qxh4 0-1

[Event "Bunratty Masters op 22nd"]
[Site "Bunratty"]
[Date "2015.02.21"]
[Round "4"]
[White "O'Donnell, Conor"]
[Black "Quinn, Rory"]
[Result "1/2-1/2"]
[WhiteElo "2190"]
[BlackElo "2121"]
[PlyCount "36"]
[EventDate "2015.02.20"]
[EventType "swiss"]
[EventRounds "6"]
[EventCountry "IRL"]
[SourceTitle "CBM 165 Extra"]
[Source "ChessBase"]
[SourceDate "2015.04.21"]
[SourceVersion "1"]
[SourceVersionDate "2015.04.21"]
[SourceQuality "1"]

1. d4 d5 2. c4 dxc4 3. e3 e5 4. Bxc4 exd4 5. exd4 Bd6 6. Nf3 Nf6 7. 0-0 0-0 8. Nc3 Nc6 9. h3 h6 10. Qc2 Nb4 11. Qb1 Be6 12. Bxe6 fxe6 13. Re1 Qe8 14. a3 Nbd5 15. Ne5 a6 16. Nxd5 Nxd5 17. Qe4 Bxe5 18. dxe5 Qf7 1/2-1/2

[Event "Bunratty Masters op 22nd"]
[Site "Bunratty"]
[Date "2015.02.21"]
[Round "2"]
[White "Pein, Malcolm"]
[Black "Quinn, Rory"]
[Result "1/2-1/2"]
[WhiteElo "2344"]
[BlackElo "2121"]
[PlyCount "116"]
[EventDate "2015.02.20"]
[EventType "swiss"]
[EventRounds "6"]
[EventCountry "IRL"]
[SourceTitle "CBM 165 Extra"]
[Source "ChessBase"]
[SourceDate "2015.04.21"]
[SourceVersion "1"]
[SourceVersionDate "2015.04.21"]
[SourceQuality "1"]

1. d4 d5 2. c4 dxc4 3. e4 e5 4. Nf3 exd4 5. Bxc4 Nc6 6. 0-0 Be6 7. Bxe6 fxe6 8. Qb3 Qd7 9. Qxb7 Rb8 10. Qa6 Bd6 11. e5 Bxe5 12. Nxe5 Nxe5 13. Qxa7 Nc6 14. Qa4 Nge7 15. b3 0-0 16. Ba3 Qd5 17. Bxe7 Ra8 18. Qc4 Qxc4 19. bxc4 Nxe7 20. Nd2 Ra4 21. Rfe1 Rfa8 22. Rxe6 Rxa2 23. Rxa2 Rxa2 24. Rxe7 Rxd2 25. g3 d3 26. Rxc7 Rc2 27. Rd7 Rxc4 28. Rxd3 Kf7 29. Rd6 h5 30. h4 Rc3 31. Ra6 Rb3 32. Ra5 g6 33. Ra6 Rc3 34. Kf1 Rb3 35. Ke2 Rc3 36. Rd6 Ra3 37. Rd3 Ra2+ 38. Ke3 Kf6 39. Rb3 Kf5 40. f3 Ra4 41. Rb5+ Kf6 42. Rd5 Rb4 43. Rd4 Rb6 44. Kf4 Ra6 45. Rb4 Rc6 46. g4 hxg4 47. fxg4 Ra6 48. g5+ Ke6 49. Kg4 Kf7 50. h5 gxh5+ 51. Kxh5 Kg7 52. Rb7+ Kg8 53. Rc7 Rb6 54. Ra7 Rc6 55. g6 Rc1 56. Ra8+ Kg7 57. Ra7+ Kg8 58. Ra8+ Kg7 1/2-1/2

[Event "NCC op"]
[Site "Ireland"]
[Date "2014.04.26"]
[Round "2"]
[White "Bruin, Randolf Willem"]
[Black "Quinn, Rory"]
[Result "1/2-1/2"]
[WhiteElo "1983"]
[BlackElo "2115"]
[PlyCount "108"]
[EventDate "2014.04.26"]
[EventType "swiss"]
[EventRounds "9"]
[EventCountry "IRL"]
[SourceTitle "EXT 2015"]
[Source "ChessBase"]
[SourceDate "2014.11.20"]
[SourceVersion "1"]
[SourceVersionDate "2014.11.20"]
[SourceQuality "1"]

1. Nf3 d5 2. d4 Nf6 3. c4 dxc4 4. Qa4+ Nc6 5. Qxc4 Bg4 6. e3 Bxf3 7. gxf3 e6 8. Bd2 Qd7 9. Bh3 Nd5 10. a3 f5 11. b4 g6 12. b5 Nce7 13. Nc3 Nb6 14. Qb3 Bg7 15. f4 0-0 16. Bg2 c6 17. Rd1 Rfd8 18. 0-0 Rac8 19. bxc6 Nxc6 20. Ne2 Kf7 21. Rc1 Ne7 22. Ba5 Rxc1 23. Rxc1 Nec8 24. Rc5 Bf8 25. Rc2 Qe7 26. Rc3 Rd7 27. Nc1 Rc7 28. Rxc7 Qxc7 29. Nd3 Nd6 30. Nc5 Ndc4 31. Qxc4 Nxc4 32. Bxc7 b6 33. Na6 Nxa3 34. Bc6 b5 35. Bb8 b4 36. Ba4 Nc4 37. Nc5 a5 38. Nb3 Nb2 39. Bb5 a4 40. Bxa4 Nxa4 41. Kf1 Ke8 42. Ke2 Kd7 43. Kd3 Kc6 44. Ba7 Kb5 45. Nd2 Nb2+ 46. Kc2 Nc4 47. Nb3 Bd6 48. Bc5 Bxc5 49. Nxc5 e5 50. fxe5 Nxe5 51. dxe5 Kxc5 52. h4 h6 53. f4 Kd5 54. Kb3 Kc5 1/2-1/2

[Event "NCC op"]
[Site "Ireland"]
[Date "2014.04.26"]
[Round "1"]
[White "Quinn, Rory"]
[Black "Murray, David"]
[Result "1-0"]
[WhiteElo "2115"]
[BlackElo "2162"]
[PlyCount "71"]
[EventDate "2014.04.26"]
[EventType "swiss"]
[EventRounds "9"]
[EventCountry "IRL"]
[SourceTitle "EXT 2015"]
[Source "ChessBase"]
[SourceDate "2014.11.20"]
[SourceVersion "1"]
[SourceVersionDate "2014.11.20"]
[SourceQuality "1"]

1. e4 c5 2. Nf3 Nc6 3. d4 cxd4 4. Nxd4 Nf6 5. Nc3 d6 6. Bg5 e6 7. Qd2 h6 8. Bxf6 gxf6 9. 0-0-0 a6 10. f4 h5 11. Be2 Bd7 12. Kb1 b5 13. Bf3 Rc8 14. Nxc6 Bxc6 15. Ne2 Bb7 16. Nd4 Qb6 17. Qe2 Rc4 18. c3 Qc5 19. Nb3 Qb6 20. Rhf1 a5 21. e5 d5 22. f5 b4 23. fxe6 bxc3 24. exf7+ Kxf7 25. Rxd5 c2+ 26. Ka1 Rc7 27. Bxh5+ Kg8 28. Rd2 a4 29. Qg4+ Rg7 30. Qc4+ Kh7 31. Qxc2+ Kg8 32. Qc4+ Kh7 33. Qxa4 fxe5 34. Bg4 Bc6 35. Bf5+ Kg8 36. Qc4+ 1-0

[Event "Bunratty Masters op 21st"]
[Site "Bunratty"]
[Date "2014.02.08"]
[Round "3"]
[White "Mannion, Stephen R"]
[Black "Quinn, Rory"]
[Result "1/2-1/2"]
[WhiteElo "2365"]
[BlackElo "2115"]
[PlyCount "48"]
[EventDate "2014.02.07"]
[EventType "swiss"]
[EventRounds "6"]
[EventCountry "IRL"]
[SourceTitle "CBM 158 Extra"]
[Source "ChessBase"]
[SourceDate "2014.02.28"]
[SourceVersion "1"]
[SourceVersionDate "2014.02.28"]
[SourceQuality "1"]

1. e4 e5 2. Nf3 Nc6 3. Bb5 Nge7 4. 0-0 a6 5. Ba4 g6 6. c3 Bg7 7. d4 exd4 8. cxd4 0-0 9. Nc3 d6 10. h3 b5 11. Bb3 Na5 12. Bc2 Bb7 13. Bg5 h6 14. Bh4 Re8 15. Re1 c5 16. dxc5 dxc5 17. e5 Nc4 18. Qxd8 Raxd8 19. Be4 Bc8 20. Bxe7 Rxe7 21. Nd5 Ree8 22. Nc7 Re7 23. Nd5 Ree8 24. Nc7 Re7 1/2-1/2

[Event "IRL-ch"]
[Site "Limerick"]
[Date "2013.07.06"]
[Round "1"]
[White "Twomey, Pat"]
[Black "Quinn, Rory"]
[Result "0-1"]
[WhiteElo "1875"]
[BlackElo "2101"]
[PlyCount "94"]
[EventDate "2013.07.06"]
[EventType "swiss"]
[EventRounds "9"]
[EventCountry "IRL"]
[SourceTitle "EXT 2014"]
[Source "ChessBase"]
[SourceDate "2013.11.20"]
[SourceVersion "1"]
[SourceVersionDate "2013.11.20"]
[SourceQuality "1"]

1. c4 e5 2. Nc3 Nf6 3. Nf3 Nc6 4. e3 Bb4 5. Qc2 0-0 6. a3 Bxc3 7. Qxc3 Re8 8. Be2 d5 9. d4 exd4 10. Nxd4 Ne5 11. cxd5 Nxd5 12. Qc2 Qg5 13. g3 Qf6 14. 0-0 Bh3 15. Rd1 Ng4 16. Bf3 Rad8 17. Bg2 Bxg2 18. Kxg2 c5 19. Nf5 Nf4+ 20. exf4 Rxd1 21. Ne7+ Qxe7 22. Qxd1 Qe4+ 23. Qf3 Qxf3+ 24. Kxf3 Nxh2+ 25. Kg2 Ng4 26. Kf3 f5 27. Be3 b6 28. Rd1 Kf7 29. Rd6 Ke7 30. Rd5 g6 31. Bd2 Rd8 32. Rxd8 Kxd8 33. Ke2 Ke7 34. f3 Nf6 35. Kd3 Kd6 36. b4 cxb4 37. axb4 Kd5 38. Be3 Ne8 39. Bd4 Nc7 40. Be5 Nb5 41. Bb2 a5 42. bxa5 bxa5 43. Bf6 a4 44. Bb2 Kc5 45. Bf6 Kb4 46. Kc2 Kc4 47. Be5 Nd4+ 0-1

[Event "Karlovy Vary op"]
[Site "Karlovy Vary"]
[Date "2011.05.02"]
[Round "7"]
[White "Quinn, Rory"]
[Black "Amato, Giampiero"]
[Result "0-1"]
[WhiteElo "2093"]
[BlackElo "1987"]
[PlyCount "182"]
[EventDate "2011.04.28"]
[EventType "swiss"]
[EventRounds "8"]
[EventCountry "CZE"]
[SourceTitle "CBM 142 Extra"]
[Source "ChessBase"]
[SourceDate "2011.06.27"]
[SourceVersion "1"]
[SourceVersionDate "2011.06.27"]
[SourceQuality "1"]

1. e4 e5 2. Nc3 Nf6 3. f4 d5 4. fxe5 Nxe4 5. Nf3 Be7 6. Qe2 Ng5 7. d4 Nxf3+ 8. Qxf3 Be6 9. Be3 0-0 10. 0-0-0 f6 11. Bd3 fxe5 12. Qh5 e4 13. Nxe4 g6 14. Qe5 Bf5 15. Bh6 Rf7 16. Nc3 Bxd3 17. Rxd3 c6 18. Rf3 Qd6 19. Qxd6 Bxd6 20. Rxf7 Kxf7 21. Rf1+ Ke6 22. Re1+ Kf7 23. Rf1+ Ke6 24. Bf8 Bxh2 25. Re1+ Kf7 26. Rf1+ Kg8 27. Ba3 Nd7 28. Re1 Bf4+ 29. Kd1 Bg5 30. Be7 Bh6 31. Ne2 Re8 32. Ng1 Bf8 33. Bh4 Rxe1+ 34. Kxe1 Bg7 35. Nf3 h6 36. Bg3 Kf7 37. Ke2 Ke6 38. Kd3 a6 39. b3 Nf6 40. Be5 Nh5 41. g4 Nf6 42. g5 hxg5 43. Nxg5+ Ke7 44. a4 Bh6 45. Nf3 Ne4 46. Nh4 Kf7 47. c4 Bg7 48. Nf3 Bxe5 49. Nxe5+ Kf6 50. b4 g5 51. b5 cxb5 52. cxb5 axb5 53. axb5 Nd6 54. b6 Ke6 55. Ke2 Nc4 56. Nc6 Kd7 57. Nb4 Nxb6 58. Kf3 Ke6 59. Nd3 Kf5 60. Nc5 g4+ 61. Kg3 Nc4 62. Nxb7 Nd2 63. Nd6+ Kg5 64. Nf7+ Kh5 65. Ne5 Ne4+ 66. Kg2 Kg5 67. Nd3 Kf5 68. Nb4 Nc3 69. Kg3 Kg5 70. Nc6 Ne2+ 71. Kf2 Nf4 72. Kg3 Nh5+ 73. Kg2 Kf4 74. Ne5 Nf6 75. Kf2 Ke4 76. Nc6 Kd3 77. Kg3 Ke4 78. Kf2 Nh5 79. Kg2 g3 80. Kh3 Ke3 81. Kg2 Kf4 82. Ne7 Ke4 83. Nc6 Ke3 84. Kf1 Nf4 85. Kg1 Ne2+ 86. Kg2 Kd3 87. Kh3 Ke3 88. Kg2 Ke4 89. Kh3 Nxd4 90. Nb4 Nf5 91. Kg2 d4 0-1

[Event "Karlovy Vary op"]
[Site "Karlovy Vary"]
[Date "2011.04.30"]
[Round "3"]
[White "Drozdowski, Kacper"]
[Black "Quinn, Rory"]
[Result "1-0"]
[WhiteElo "2291"]
[BlackElo "2093"]
[PlyCount "83"]
[EventDate "2011.04.28"]
[EventType "swiss"]
[EventRounds "8"]
[EventCountry "CZE"]
[SourceTitle "CBM 142 Extra"]
[Source "ChessBase"]
[SourceDate "2011.06.27"]
[SourceVersion "1"]
[SourceVersionDate "2011.06.27"]
[SourceQuality "1"]

1. d4 d5 2. c4 e5 3. dxe5 d4 4. Nf3 Nc6 5. a3 Nge7 6. Bf4 Be6 7. Nbd2 Ng6 8. g3 f6 9. exf6 Nxf4 10. f7+ Bxf7 11. gxf4 Qf6 12. Bh3 Qxf4 13. Qb3 Rb8 14. Rg1 b5 15. Rg5 Be7 16. Rf5 Qh6 17. Rxf7 Kxf7 18. cxb5+ Ke8 19. Bd7+ Kxd7 20. bxc6+ Kc8 21. Qd5 Qd6 22. Qf5+ Kd8 23. Ne4 Qxc6 24. Ne5 Qb5 25. a4 Bb4+ 26. Kf1 Qe8 27. Nf7+ Ke7 28. Nxh8 Qxh8 29. Qe5+ Kd7 30. Qxd4+ Kc8 31. Qxa7 Qf8 32. Qa6+ Rb7 33. Rd1 Kb8 34. Rd5 Qc8 35. Qd3 Ka7 36. Rb5 Rxb5 37. axb5 Qf8 38. Kg2 Qe7 39. Ng3 g6 40. Qe4 Qc5 41. Qd3 Kb6 42. Qd7 1-0